000 00501nam a2200181Ia 4500
001 43928
008 140425s9999 xx 000 0 und d
020 _a969351937X
040 _cPK-LaUMT
082 _aRHC 891.4393
_bMUS-P
100 _aMustansar Hussain Tarar
245 _aParinday (Urdu)
_bpakhairo aur fakhta
_cMustansar Hussain Tarar
260 _aLahore,Pakistan:
_bSang-e-Meel Publications,
_c2007
300 _a164 P.
546 _aUR
650 _aPakistani literature-Urdu
942 _cBK
999 _c41928
_d41928